TOP 5 Leagues MVP 2024/25 - Statistics

General Stats
  • This quiz has been taken 28 times
  • The average score is 13 of 27
Answer Stats
Number League Total Goals Assists Answer % Correct
1 Premier League 47 28 19 Mohamed Salah
100%
3 Bundesliga 34 26 8 Harry Kane
90%
2 La Liga 34 31 3 Kylian Mbappe
90%
13 Premier League 25 22 3 Erling Haaland
85%
6 La Liga 29 27 2 Robert Lewandowski
80%
10 La Liga 27 18 9 Raphinha
75%
8 Ligue 1 27 21 6 Ousmane Dembele
70%
27 La Liga 22 9 13 Lamine Yamal
65%
23 Premier League 23 15 8 Cole Palmer
55%
26 Bundesliga 22 10 12 Florian Wirtz
55%
5 Bundesliga/Prem 31 22 9 Omar Marmoush
55%
16 Serie A 24 14 10 Romelu Lukaku
55%
7 Premier League 29 23 6 Alexander Isak
45%
17 Ligue 1 24 14 10 Bradley Barcola
45%
4 Serie A 33 25 8 Mateo Retegui
40%
11 Bundesliga 27 12 15 Michael Olise
40%
9 Premier League 27 20 7 Bryan Mbeumo
30%
25 Serie A 22 19 3 Moise Kean
30%
15 Premier League 24 16 8 Ollie Watkins
30%
20 Premier League 23 19 4 Yoane Wissa
30%
22 Bundesliga 23 15 8 Hugo Ekitike
25%
12 Ligue 1 26 21 5 Mason Greenwood
25%
18 Bundesliga 23 21 2 Serhou Guirassy
25%
24 La Liga 22 20 2 Alexander Sorloth
20%
19 Premier League 23 20 3 Chris Wood
20%
14 La Liga 25 21 4 Ante Budimir
15%
21 Bundesliga 23 16 7 Tim Kleindienst
5%
No matching quizzes found
Score Distribution
Percent of People with Each Score
Percentile by Number Answered
Your Score History
You have not taken this quiz